|
|
|
|
| LEADER |
00000naa2a2200000 4500 |
| 001 |
624768 |
| 005 |
20231101133329.0 |
| 035 |
|
|
|a (RuTPU)RU\TPU\conf\24028
|
| 035 |
|
|
|a RU\TPU\conf\24026
|
| 090 |
|
|
|a 624768
|
| 100 |
|
|
|a 20171130d2017 k y0rusy50 ca
|
| 101 |
0 |
|
|a rus
|
| 102 |
|
|
|a RU
|
| 105 |
|
|
|a y z 101zy
|
| 135 |
|
|
|a drgn ---uucaa
|
| 181 |
|
0 |
|a i
|
| 182 |
|
0 |
|a b
|
| 200 |
1 |
|
|a Математическое моделирование радоновских сумм тест-объекта
|f И. С. Кузнецова
|g науч. рук. Б. И. Капранов
|
| 203 |
|
|
|a Текст
|c электронный
|
| 225 |
1 |
|
|a Современные технологии в неразрушающем контроле
|
| 230 |
|
|
|a 1 компьютерный файл (pdf; 286 Кб)
|
| 300 |
|
|
|a Заглавие с экрана
|
| 320 |
|
|
|a [Библиогр.: с. 45 (3 назв.)]
|
| 463 |
|
0 |
|0 (RuTPU)RU\TPU\conf\23960
|t Ресурсоэффективные системы в управлении и контроле: взгляд в будущее
|o сборник научных трудов VI Международной конференции школьников, студентов, аспирантов, молодых ученых, 9 -14 октября 2017 г., г. Томск
|f Национальный исследовательский Томский политехнический университет (ТПУ)
|v [С. 44-45]
|d 2017
|
| 610 |
1 |
|
|a электронный ресурс
|
| 610 |
1 |
|
|a труды учёных ТПУ
|
| 610 |
1 |
|
|a математическое моделирование
|
| 610 |
1 |
|
|a тест-объекты
|
| 610 |
1 |
|
|a томография
|
| 610 |
1 |
|
|a химический состав
|
| 610 |
1 |
|
|a источники излучений
|
| 700 |
|
1 |
|a Кузнецова
|b И. С.
|
| 702 |
|
1 |
|a Капранов
|b Б. И.
|c российский учёный в области физических методов и приборов контроля качества
|c профессор Томского политехнического университета, доктор технических наук
|f 1941-
|g Борис Иванович
|2 stltpush
|4 727
|
| 712 |
0 |
2 |
|a Национальный исследовательский Томский политехнический университет (ТПУ)
|b Институт неразрушающего контроля (ИНК)
|b Кафедра физических методов и приборов контроля качества (ФМПК)
|h 68
|2 stltpush
|3 (RuTPU)RU\TPU\col\18709
|
| 801 |
|
2 |
|a RU
|b 63413507
|c 20171205
|g RCR
|
| 856 |
4 |
|
|u http://earchive.tpu.ru/handle/11683/44655
|
| 942 |
|
|
|c BK
|